000 00882nam a22002775i 4500
001 15816
003 ES-MaACL
005 20230906151147.0
007 t|
008 000508s1994 sp ||||0| spa j
020 _a84-8213-000-5
040 _aM-BN
_bspa
_cM-BN
080 _a929 Abramson, Paulina
080 _a929 Abramson, Adelina
080 _a946.0"1936/39"(093.3)
100 1 _aAbramson, Paulina,
_918142
245 1 0 _aMosaico roto /
_cPaulina y Adelina Abramson.
260 _aMadrid :
_bCompañía Literaria,
_c1994.
300 _a364 p. :
_bil. ;
_c22 cm.
600 1 4 _aAbramson, Adelina,
_d1917-2012
_918137
600 1 4 _aAbramson, Paulina,
_918142
651 4 _aEspaña-
_xHistoria-
_y1936-1939, Guerra civil-
_vRelatos personales.
_98326
700 1 _aAbramson, Adelina,
_d1917-2012
_918137
852 _aES-MaACL
_jL-22947
_bR.126863
999 _c15816
_d15816